| 000 | 01226nab a22002537a 4500 | ||
|---|---|---|---|
| 999 |
_c6429 _d6429 |
||
| 003 | OSt | ||
| 005 | 20260202205347.0 | ||
| 008 | 190506c xxu||||| |||| 00| 0 spa d | ||
| 040 | _cPJ | ||
| 100 |
_96443 _aFranculli, Jorge Luján |
||
| 245 | 1 | 0 |
_aHablemos con propiedad : _bla imperiosa necesidad de llamar a las cosas por su nombre / _cJorge Luján Franculli. |
| 260 |
_aBuenos Aires : _bAbeledoPerrot, _c2023. |
||
| 300 | _ap. 19-33 | ||
| 500 | _aCita: TR LALEY AR/DOC/651/2023 | ||
| 505 | _aSumario: I. Resumen.— II. La evolución del salario y la tragedia de trabajar para ser pobre.— III. Necesidades, derechos, costos, en clave del art. 14 bis.— IV. La deformación de la democracia representativa y la devastación de la República.— V. Corolario. | ||
| 505 | _t¿Te interesa el texto completo? Comunicate al correo: koha@justierradelfuego.gov.ar | ||
| 650 | 0 |
_91316 _aDERECHO LABORAL |
|
| 650 | 0 |
_91323 _aCONTRATO DE TRABAJO |
|
| 650 | 0 |
_91570 _aDERECHOS DEL TRABAJADOR |
|
| 650 | 0 |
_94184 _aOBLIGACIONES DEL EMPLEADOR |
|
| 650 | 0 |
_91318 _aREMUNERACION |
|
| 773 | 0 |
_02751 _93202 _dBuenos Aires : AbeledoPerrot, 2013- _tRevista de derecho laboral y seguridad social. Nº 9 - Mayo 2023 |
|
| 942 |
_2udc _cANA |
||